IELTS: Speaking strategies for the IELTS Test Audio CD 2

में बचाया:
ग्रंथसूची विवरण
स्वरूप: पुस्तक
प्रकाशित: TPHCM Tổng hợp TPHCM 2006
विषय:
टैग : टैग जोड़ें
कोई टैग नहीं, इस रिकॉर्ड को टैग करने वाले पहले व्यक्ति बनें!
Thư viện lưu trữ: Trung tâm Học liệu Lê Vũ Hùng, Trường Đại học Đồng Tháp
LEADER 00687pmm a22002058a 4500
001 00030122
005 20171026081022.0
008 121218s2006 |||||| sd
082 1 4 |a 428  |b I000E 
245 0 0 |a IELTS: Speaking strategies for the IELTS Test  |b Audio CD 2  |h nguồn liệu điện tử] 
260 # # |a TPHCM  |b Tổng hợp TPHCM  |c 2006 
300 # # |a 1 đĩa CD  |c 4 3/4 in. 
653 # # |a IELTS 
653 # # |a Kỹ năng nói 
653 # # |a Đĩa CD 
653 # # |a Tiếng Anh 
852 # # |j DPT.0000046 
852 # # |b Kho đa phương tiện  |j DPT.0000046 
910 |d 18/12/2012 
980 # # |a Trung tâm Học liệu Lê Vũ Hùng, Trường Đại học Đồng Tháp